000 01444cam a22004574i 4500
003 PE-LiUPU
005 20250731173516.0
008 150616s r 000 0 d
020 _a0849906822
035 _a(Sirsi) i9780849906824
040 _aPE-LiUPU
_bspa
_cPE-LiUPU
_erda
049 _aPRUA
082 0 4 _a253.5
_bS72
_221
100 1 _aSouthard, Samuel,
_eautor.
245 1 0 _aTheology & therapy: The wisdom of god in a context of friendship.
264 1 _aLondon :
_bWord Publishing,
_c1971.
300 _a270 páginas ;
_c23 centímetros
336 _atext
_2rdacontent
337 _aunmediated
_2rdamedia
338 _avolume
_2rdacarrier
505 0 _aWisdom.- Friendship
526 _aSEG42
526 _aSEG41
526 _aSEG40
526 _aSEG39
526 _aP94
526 _aP87
526 _aP86
526 _aP85
526 _aP77
526 _aP76
526 _aP35
650 0 4 _aCONSEJERIA PASTORAL.
_91495
910 _ajck
_bjvq
_cjck
942 _2ddc
_cBOOK
949 _a253.5 S72
_wDEWEY
_c1
_i41722
_lCCODEBUL1
_mBUL
_r0
_sY
_tBOOK
_u2015-6-16
_xTEOLOGIA
_zUNKNOWN
_0COMPRA
_o.STAFF. Colección General
994 _aC0
_bPEPRU
596 _a1
999 _a253.5 S72
_wDEWEY
_c59394
_i41722
_d59394
_f2021-11-10
_g5
_lCCODEBUL1
_mBUL
_q1
_r0
_sY
_tBOOK
_u2015-6-16
_xTEOLOGIA
_zUNKNOWN
_0COMPRA
_o.STAFF. Colección General
980 _81
_gALBERTO SANCHEZ Responsable de Automatización